Chroniques étrangères relatives aux expéditions françaises pendant le XIIIe siècle / (Record no. 185798)

MARC details
000 -LEADER
campo de control de longitud fija 01415nam a2200289 i 4500
001 - NÚMERO DE CONTROL
campo de control 185798
003 - IDENTIFICADOR DE NÚMERO DE CONTROL
campo de control ES-MaACL
005 - FECHA Y HORA DE LA ÚLTIMA TRANSACCIÓN
campo de control 20250522202800.0
008 - DATOS DE LONGITUD FIJA--INFORMACIÓN GENERAL
campo de control de longitud fija 160810s1860 fr |||| | fre d
245 00 - MENCIÓN DEL TÍTULO
Título Chroniques étrangères relatives aux expéditions françaises pendant le XIIIe siècle /
Mención de responsabilidad, etc. publiées pour la première fois, élucidées et traduites par J. A. C. Buchon.
260 ## - PUBLICACIÓN, DISTRIBUCIÓN, ETC.
Lugar de publicación, distribución, etc. Paris :
Nombre del editor, distribuidor, etc. Auguste Desrez,
Fecha de publicación, distribución, etc. 1840.
300 ## - DESCRIPCIÓN FÍSICA
Extensión LXXII, X, 802 p. ;
Dimensiones 27 cm.
490 1# - MENCIÓN DE SERIE
Mención de serie Panthéon littéraire. Littérature française
505 8# - NOTA DE CONTENIDO CON FORMATO
Nota de contenido con formato Contiene: Chronique des guerres des Français en Romanie et en Morée. Chronique du très magnifique seigneur Ramon Muntaner. Cronica del Rey en Pere e dels seus antecessors passats / Bernat d'Esclot. Conspiration de Jean Prochyta
530 ## - NOTA DISPONIBLE DE FORMULARIO FÍSICO ADICIONAL
Nota de formato físico adicional disponible Disponible en formato digital.
546 ## - NOTA DE IDIOMA
Nota de lengua/lenguaje Textos en francés, griego y catalán.
651 #4 - PUNTO DE ACCESO ADICIONAL DE MATERIA--NOMBRE GEOGRÁFICO
Nombre geográfico Francia-
Subdivisión general Historia-
Subdivisión cronológica 987-1328, Capetos.
9 (RLIN) 160438
651 #4 - PUNTO DE ACCESO ADICIONAL DE MATERIA--NOMBRE GEOGRÁFICO
Nombre geográfico Aragón (Reino)-
Subdivisión general Historia.
9 (RLIN) 7791
651 #4 - PUNTO DE ACCESO ADICIONAL DE MATERIA--NOMBRE GEOGRÁFICO
Nombre geográfico Imperio bizantino-
Subdivisión general Historia.
9 (RLIN) 8834
700 1# - ENTRADA AGREGADA--NOMBRE PERSONAL
Nombre de persona Buchon, Jean-Alexandre.
9 (RLIN) 126221
700 1# - ENTRADA AGREGADA--NOMBRE PERSONAL
Nombre de persona Muntaner, Ramon,
Fechas asociadas al nombre 1265-1336
9 (RLIN) 84239
700 0# - ENTRADA AGREGADA--NOMBRE PERSONAL
Nombre de persona Desclot, Bernat.
9 (RLIN) 43858
830 0# - PUNTO DE ACCESO ADICIONAL DE SERIE-TÍTULO UNIFORME
Título uniforme Panthéon littéraire. Littérature française
9 (RLIN) 192401
852 ## - LOCALIZACIÓN
Ubicación ES-MaACL
Número de control de estantería G-13589
856 ## - LOCALIZACIÓN Y ACCESO ELECTRÓNICOS
Identificador Uniforme de Recursos <a href="http://bdh-rd.bne.es/viewer.vm?id=0000012511&page=1 ">http://bdh-rd.bne.es/viewer.vm?id=0000012511&page=1 </a>
Nota pública Biblioteca Digital Hispánica
Holdings
Estatus retirado Estado de pérdida Estado de daño No para préstamo Colección Biblioteca de origen Biblioteca actual Ubicación en estantería Fecha de adquisición Fuente de adquisición Total de préstamos Signatura topográfica completa Código de barras Visto por última vez Precio de reemplazo Tipo de ítem Koha
        Colección digital Biblioteca del Ateneo de Madrid Biblioteca del Ateneo de Madrid Sala Pecera Planta 3 10/08/2016     G-13589 1195854 23/02/2023 23/02/2023 Libro impreso antiguo